Normal view MARC view
  • Balochistān (Pakistan)

Entry Geographic Name

Number of records used in: 6

001 - CONTROL NUMBER

  • control field: 5705

003 - CONTROL NUMBER IDENTIFIER

  • control field: NUST

005 - DATE AND TIME OF LATEST TRANSACTION

  • control field: 20171027180634.0

008 - FIXED-LENGTH DATA ELEMENTS

  • fixed length control field: 171027|| aca||aabn | a|a d

040 ## - CATALOGING SOURCE

  • Original cataloging agency: NUST
  • Transcribing agency: NUST

151 ## - HEADING--GEOGRAPHIC NAME

  • Geographic name: Balochistān (Pakistan)
  • General subdivision: Geography.

670 ## - SOURCE DATA FOUND

  • Source citation: Work cat.: (NUST)0: 880-01 Hassan, Usman M, 5704, Balocistān azla aur tareekhʻ :, 1987
© 2023 Central Library, National University of Sciences and Technology. All Rights Reserved.